000 00405nam a22001577a 4500
005 20190604154633.0
008 190604b xxu||||| |||| 00| 0 eng d
020 _a978-93-88897-16-7
041 _aeng
100 _aGOKHALE, S. B. AND OTHERS
_94907
245 _aPHARMACOGNOSY AND PHYTOCHEMISTRY - I
250 _a1st , Ed. 2019
260 _aPUNE
_bNIRALI PRAKASHAN
300 _a11.51p,
942 _cBK
999 _c5942
_d5940